| 000 | 00427nam a22001817a 4500 | ||
|---|---|---|---|
| 003 | OSt | ||
| 005 | 20180116183041.0 | ||
| 008 | 160223b xxu||||| |||| 00| 0 eng d | ||
| 040 | _c0 | ||
| 050 | _a174.4 | ||
| 082 | _a174.4 | ||
| 100 | _aSipra,Naim. | ||
| 245 |
_aAlpha Builders Limited. _bCase Studies. _cNaim Sipra |
||
| 260 |
_aLahore _bLUMS _c1989. |
||
| 300 | _a5p. | ||
| 500 | _aPaper Cover | ||
| 942 |
_2ddc _cCS _k174.4 |
||
| 999 |
_c351239 _d351239 |
||